000 00511nam a2200205Ia 4500
003 OSt
005 20221002054800.0
006 a|||||r|||| 00| 0
007 ta
008 220930b |||||||| |||| 00| 0 eng d
024 _a70398
037 _cReference Collections
040 _aCRL
_cCRL
_beng
041 _2eng
_aeng
082 _aLZ5.73, L4(RR)
245 0 _aUnited states pharmacopeia
260 _c1975
942 _hLZ5.73, L4(RR)
_cref
_2CC
999 _c925871
_d925871